| 000 -LEADER |
| fixed length control field |
04007cam a22002777a 4500 |
| 003 - CONTROL NUMBER IDENTIFIER |
| control field |
OSt |
| 005 - DATE AND TIME OF LATEST TRANSACTION |
| control field |
20250602145153.0 |
| 008 - FIXED-LENGTH DATA ELEMENTS--GENERAL INFORMATION |
| fixed length control field |
140111s2012 vraae 001 0 eng |
| 010 ## - LIBRARY OF CONGRESS CONTROL NUMBER |
| LC control number |
2013474971 |
| 016 7# - NATIONAL BIBLIOGRAPHIC AGENCY CONTROL NUMBER |
| Record control number |
015875358 |
| Source |
Uk |
| 020 ## - INTERNATIONAL STANDARD BOOK NUMBER |
| International Standard Book Number |
9781864704532 (hbk) |
| 042 ## - AUTHENTICATION CODE |
| Authentication code |
anuc |
| -- |
lccopycat |
| 082 04 - DEWEY DECIMAL CLASSIFICATION NUMBER |
| Classification number |
728.370904 |
| Edition number |
23 |
| 245 00 - TITLE STATEMENT |
| Title |
Masterpiece : |
| Remainder of title |
iconic houses by great contemporary architects / |
| Statement of responsibility, etc |
edited by Beth Browne. |
| 260 ## - PUBLICATION, DISTRIBUTION, ETC. (IMPRINT) |
| Place of publication, distribution, etc |
Mulgrave, Vic. : |
| Name of publisher, distributor, etc |
Images Pub. |
| Date of publication, distribution, etc |
c2012. |
| 300 ## - PHYSICAL DESCRIPTION |
| Extent |
263 p. : |
| Other physical details |
ill. (chiefly col.), plans ; |
| Dimensions |
26 cm. |
| 500 ## - GENERAL NOTE |
| General note |
Includes index. |
| 505 0# - FORMATTED CONTENTS NOTE |
| Formatted contents note |
5°35' at Craignish / Cameron Webster Architects -- Berberian Residence / Landry Design Group -- Bridge House / Stanley Saitowitz/Natoma Architects, Inc. -- Brussels House / Philippe Samyn and Partners -- Carillo Residence / Ehrlich Architects -- Drumlin Hall / Peter Pennoyer Architects -- Ganendra Art House/ Ken Yeang -- The Hen House / Rural design -- Hill House / MacKay-Lyons Sweetapple Architects -- Hong Kong Villa / Olson Kundig Architects -- The Houl / Simon Winstanley Architects -- House of Passages / Ken Tate Architect -- The House of Planes/The House of Volumes / Margaret McCurry with Stanley Tigerman -- Huckleberry House / Allan Greenberg Architect -- Jaspers Loft / Michel Jaspers -- Kawana House / Foster + Partners -- Kokkalis House / BC Estudio -- Lake Residence / Charles R. Stinson Architects -- Lakeshore View / SCDA Architects -- Lawson-Westen House / Eric Owen Moss Architects -- Linear House / Patkau Architects -- Lyle House / William T. Baker -- Massachusetts residence / CBT Architects -- Miracle Beach House / Helliwell + Smith, Blue Sky Architecture -- Modern classical house / Robert Adam, Adam Architecture -- Montecito Residence / Barton Myers Associates -- Mortlock Lee House / Troppo Architects NT -- Mount Davis Villa / Farrells -- Oz House / Swatt/ Miers Architects -- Padaro Beach House / B3 Architects -- Palo Alto Residence / CCS Architecture -- Pool House Dubai / chakib Richani Architects -- Riverbank House / Jackson Architecture -- Ruddell House / Moore Ruble Yudell Architects and Planners -- Schnabel House / Gehry Partners -- Sierra Residence / Arkin Tilt Architects -- Simpson-Lee House / Glenn Murcutt -- skyarc / will bruder+Partners -- Sycamores Estate / Richard Manion Architecture -- Turbulence House / Steven Holl Architects -- Villa in Lyngby / Henning Larsen Architects -- Villa Redaelli / Mario Botta -- Villa S / Coop Himmelb(L)au -- Villa Veneto / Michael Suttor -- Virginia Ranch / Diamond Schmitt Architects. |
| 520 ## - SUMMARY, ETC. |
| Summary, etc |
Every great architect has an original vision. The ability of master architects to see the big picture, to create inclusive, responsive designs that embrace building, site, and interiors with subtlety and style, leads to their work gaining widespread praise and international acclaim. Their talent and ambition, along with an unfaltering attention to detail and flair for fusing art and architecture, combine to produce houses of unparalleled style and comfort. Masterpiece: Iconic Houses by Great Contemporary Architects presents an up-to-the-minute collection of residential work from these much-lauded practitioners, proving that architecture can always be re-imagined. This invaluable new compendium of spectacular houses designed by architecture's brightest stars also provides unique insights into their personal design philosophies. Stunning architectural photography of each house is supplemented with detailed descriptions, plans, sections, and sketches, revealing the mastery behind each design. Project locations range from the USA to France, from Italy to Dubai, and from Hong Kong to Spain. |
| 650 #0 - SUBJECT ADDED ENTRY--TOPICAL TERM |
| Topical term or geographic name as entry element |
Architect-designed houses |
| General subdivision |
History |
| Chronological subdivision |
20th century |
| Form subdivision |
Pictorial works. |
| 650 #0 - SUBJECT ADDED ENTRY--TOPICAL TERM |
| Topical term or geographic name as entry element |
Architect-designed houses |
| General subdivision |
History |
| Chronological subdivision |
21st century |
| Form subdivision |
Pictorial works. |
| 650 #0 - SUBJECT ADDED ENTRY--TOPICAL TERM |
| Topical term or geographic name as entry element |
Architect-designed houses |
| Form subdivision |
Designs and plans. |
| 700 1# - ADDED ENTRY--PERSONAL NAME |
| Personal name |
Browne, Beth. |
| 906 ## - LOCAL DATA ELEMENT F, LDF (RLIN) |
| a |
7 |
| b |
cbc |
| c |
copycat |
| d |
2 |
| e |
ncip |
| f |
20 |
| g |
y-gencatlg |
| 942 ## - ADDED ENTRY ELEMENTS (KOHA) |
| Source of classification or shelving scheme |
|